[Event "XIII TCh-RUS"]
[Site "Sochi RUS"]
[Date "2006.04.23"]
[Round "4"]
[White "Rublevsky,S"]
[Black "Zvjaginsev,V"]
[Result "1-0"]
[WhiteElo "2687"]
[BlackElo "2670"]

1.e4 c5 2.Nf3 Nc6 3.Bb5 e5 4.O-O Nge7 5.Bc4 Ng6 6.c3 Be7 7.d4 cxd4 8.cxd4 d6
9.d5 Nb8 10.Nc3 O-O 11.Be3 a6 12.Rc1 Bg4 13.Be2 Nf4 14.Nd2 Bxe2 15.Nxe2 Bg5
16.Nxf4 exf4 17.Bd4 f3 18.g3 Nd7 19.Rc3 Re8 20.Re1 Nf6 21.Rxf3 Rc8 22.h4 Bxd2
23.Bxf6 Qa5 24.Ra3 Qb4 25.Qg4 g6 26.Rb3 Qc4 27.Re2 Qc1+ 28.Kh2 Qd1 29.Qf3 Bh6
30.Rd3 Qa4 31.e5 Qd7 32.e6 fxe6 33.dxe6 Rxe6 34.Rxe6 Qxe6 35.Qxb7 Rf8 36.Bd4 Qxa2
37.Rc3 Rf7 38.Rc8+ Bf8 39.Qc6 Qe6 40.Qxa6 Qg4 41.Be3 h5 42.Qc6 g5 43.Qc4 Qxc4
44.Rxc4 gxh4 45.Rxh4 Rf5 46.Ra4 Rb5 47.b4 d5 48.Ra5 Rxb4 49.Rxd5 h4 50.Rg5+ Kh7
51.g4 Bd6+ 52.Kh3 Rb3 53.Rh5+ Kg7 54.Kxh4  1-0

[Event "8th Dubai Open"]
[Site "Dubai UAE"]
[Date "2006.04.24"]
[Round "2"]
[White "Aryanejad,H"]
[Black "Kulicov,O"]
[Result "1/2-1/2"]
[WhiteElo "2236"]
[BlackElo "2407"]

1.e4 c5 2.Nf3 Nc6 3.Bb5 g6 4.O-O Bg7 5.Re1 Nf6 6.e5 Nd5 7.Nc3 Nc7 8.Bxc6 dxc6
9.d3 Ne6 10.Re4 Nd4 11.Nxd4 cxd4 12.Ne2 c5 13.Ng3 b6 14.c3 Bb7 15.Re2 dxc3
16.bxc3 Qd5 17.f3 O-O 18.d4 Rfd8 19.Bb2 Rac8 20.Qa4 cxd4 21.cxd4 a6 22.Qb3 b5
23.Ne4 Rc4 24.Rae1 a5 25.Nc5 Bc6 26.Qe3 b4 27.a3 Bb5 28.axb4 axb4 29.Rf2 Ra8
30.Nd3 e6 31.Nc5 Bxe5 32.Qxe5 Qxe5 33.dxe5 Rxc5 34.Rd2 Bc6 35.Kf2 Bd5 36.Rc1 Rxc1
37.Bxc1 Ra1 38.Bb2 Rb1 39.Bd4 b3 40.Bb2 g5 41.Bd4 Kg7 42.Ke2 Kg6 43.Rd1 Bc4+
44.Kd2 Rxd1+ 45.Kxd1  1/2-1/2

[Event "VII TCh-RUS w"]
[Site "Sochi RUS"]
[Date "2006.04.24"]
[Round "5"]
[White "Zemlianukhina,V"]
[Black "Kochetkova,J"]
[Result "1/2-1/2"]
[WhiteElo "2063"]
[BlackElo "2366"]

1.e4 c5 2.Nf3 Nc6 3.Bb5 g6 4.O-O Bg7 5.c3 Nf6 6.e5 Nd5 7.d4 cxd4 8.cxd4 O-O
9.Nc3 Nc7 10.Ba4 d6 11.exd6 Qxd6 12.Ne4 Qd5 13.Nc3 Qh5 14.Bxc6 bxc6 15.Ne5 Qxd1
16.Rxd1 c5 17.Nc6 cxd4 18.Nxd4 Re8 19.Be3 Rb8 20.Rab1 Bb7 21.b4 h6 22.a4 f5
23.Ncb5 Nd5 24.Ne6 Nxe3 25.fxe3 Be5 26.Nc5 a6 27.Nd4 Bd6 28.Nxb7 Rxb7 29.Nc6 Rc8
30.Rdc1 Kg7 31.b5 axb5 32.axb5 Ra8 33.Rc3 Kf6 34.g3 h5 35.Rc2 Ra3 36.Kf2 h4
37.Nd4 Ra5 38.Rcb2 Bc5 39.Nf3 hxg3+ 40.hxg3 e5 41.Nd2 Ra3 42.Rb3 Ra4 43.Rc1 Ra2
44.Ke1 Rd7 45.Nf1 Rc7 46.Nd2 Rd7 47.Nf1 Rc7 48.Nd2 Rd7  1/2-1/2

[Event "XIII TCh-RUS"]
[Site "Sochi RUS"]
[Date "2006.04.25"]
[Round "6"]
[White "Sutovsky,E"]
[Black "Tiviakov,S"]
[Result "1/2-1/2"]
[WhiteElo "2628"]
[BlackElo "2669"]

1.e4 c5 2.Nf3 Nc6 3.Bb5 d6 4.O-O Bd7 5.Re1 Nf6 6.c3 a6 7.Bf1 Bg4 8.d3 e6
9.h3 Bh5 10.g4 Bg6 11.Nh4 d5 12.Nxg6 hxg6 13.g5 Nh5 14.exd5 Qxd5 15.Bg2 Qd7
16.Na3 Be7 17.Nc4 Rd8 18.Be4 Qc7 19.Qf3 Rd7 20.Be3 O-O 21.a4 Na5 22.Nxa5 Qxa5
23.h4 Qc7 24.a5 Bd6 25.Ra4 Bf4 26.Rc4 Bxe3 27.Qxe3 Qxa5 28.Qxc5 Qxc5 29.Rxc5 Nf4
30.d4 Rfd8 31.Kh2 Kf8 32.Kg3 Nd5 33.Ra1 Ne7 34.Ra3 Nc8 35.Rb3 Nd6 36.f3 Ke7
37.Rb6 Ra8 38.Rb4 Ra7 39.Rb6 a5 40.Bc2 a4 41.Rb4 a3 42.bxa3 Rxa3 43.Kf4 Ra2
44.Ba4 Rd8 45.d5 exd5 46.Rxd5 Rh2 47.Kg3 Ra2 48.Kh3 Ra8 49.Bb3 R2a5 50.Rd3 Rb5
51.Re3+ Kf8 52.Rxb5 Nxb5 53.Bd5 Ra3 54.Bxb7 Rxc3  1/2-1/2

[Event "8th Dubai Open"]
[Site "Dubai UAE"]
[Date "2006.04.26"]
[Round "4"]
[White "Soozankar,A"]
[Black "Satyapragyan,S"]
[Result "1/2-1/2"]
[WhiteElo "2246"]
[BlackElo "2403"]

1.e4 c5 2.Nf3 Nc6 3.Bb5 Qb6 4.Bxc6 Qxc6 5.d3 d6 6.O-O e6 7.b3 Nf6 8.Bb2 Be7
9.e5 dxe5 10.Nxe5 Qc7 11.Nd2 b6 12.f4 Bb7 13.Qe2 O-O 14.Ng4  1/2-1/2

[Event "8th Dubai Open"]
[Site "Dubai UAE"]
[Date "2006.04.26"]
[Round "4"]
[White "Velikhanli,F"]
[Black "Ramesh,R"]
[Result "0-1"]
[WhiteElo "2326"]
[BlackElo "2507"]

1.e4 c5 2.Nf3 Nc6 3.Bb5 e6 4.O-O Nge7 5.Re1 Ng6 6.c3 Be7 7.d4 cxd4 8.cxd4 d5
9.e5 O-O 10.Nc3 Bd7 11.Bd3 Rc8 12.g3 f6 13.exf6 Bxf6 14.Bxg6 hxg6 15.Bf4 Be7
16.Ne5 g5 17.Nxd7 Qxd7 18.Be5 Rf5 19.Rc1 Rcf8 20.Rc2 Bd8 21.g4 Rf3 22.Bg3 Bb6
23.Rd2 Qf7 24.Re3 Nxd4 25.Kg2 Rxe3 26.fxe3 Qf3+ 27.Qxf3 Nxf3 28.Rd3 Nh4+
29.Bxh4 gxh4 30.Na4 h3+ 31.Kg1 Bc7 32.Nc5 Rf6 33.e4 Bb6 34.b4 Rf4 35.Rxh3 Rxe4
36.Kf1 Rf4+ 37.Ke2 Rxb4 38.Nxb7 Rb2+ 39.Kd1 Rxa2 40.g5 Rg2 41.Nd6 Rxg5 42.Nc8 Kf7
43.Rf3+ Ke8 44.h4 Rg1+ 45.Ke2 Kd7 46.Nxa7 Bxa7 47.Rf7+ Kd6 48.Rxa7 Ke5 49.Kf3 g5
50.h5 g4+ 51.Kf2 Rh1 52.Rh7 Rh3 53.h6 Ke4 54.Rh8 e5 55.h7 d4 56.Kg2 d3 57.Kg1 d2
58.Rd8 Ke3  0-1

[Event "8th Dubai Open"]
[Site "Dubai UAE"]
[Date "2006.04.27"]
[Round "5"]
[White "Bistric,F"]
[Black "Ihsan,J"]
[Result "1/2-1/2"]
[WhiteElo "2430"]
[BlackElo "2172"]

1.e4 c5 2.Nf3 Nc6 3.Bb5 g6 4.O-O Bg7 5.Re1 e5 6.Bxc6 dxc6 7.a4 Qe7 8.d3 Nf6
9.Nbd2 Nd7 10.a5 Nf8 11.Nc4 f6 12.Be3 Ne6 13.c3 O-O 14.Qb3 Kh8 15.Rad1 Rd8
16.h3 Rb8 17.d4 cxd4 18.cxd4 exd4 19.Nxd4 Nxd4 20.Bxd4 c5 21.Bxc5 Rxd1 22.Bxe7 Rxe1+
23.Kh2 Rxe4 24.Bd6 Ra8 25.Bg3 h5 26.Qd3 Bf5 27.a6 bxa6 28.Nd6  1/2-1/2

[Event "2nd Halkidiki Open"]
[Site "Kalithea GRE"]
[Date "2006.04.27"]
[Round "3"]
[White "Markidis,K"]
[Black "Solomons,D"]
[Result "1/2-1/2"]
[WhiteElo "2367"]
[BlackElo "2226"]

1.e4 c5 2.Nf3 Nc6 3.Bb5 e6 4.O-O Nge7 5.c3 a6 6.Be2 d5 7.exd5 Nxd5 8.d4 cxd4
9.Nxd4 Nxd4 10.Qxd4 Qf6 11.Qd1 Be7 12.Bf3 O-O 13.Nd2 Rd8 14.Ne4 Qe5 15.Qb3 b5
16.Bd2 Rb8 17.Rfe1 Qc7 18.Rad1 a5 19.a3 Ba6 20.Be2 Nf4 21.Bxf4 Qxf4 22.Rxd8+ Bxd8
23.Qc2 h6 24.a4 Bc7 25.g3 Qe5 26.f4 Qf5 27.axb5 Bb7 28.Bd3 Bb6+ 29.Nf2 Qd5
30.Be4 Qxb5 31.Bxb7 Rxb7 32.Rd1 g6 33.Rd2 Rd7 34.Rxd7 Qxd7 35.Kf1 Qd5 36.Ne4 Kf8
37.c4 Qd4 38.c5 Bc7 39.Ke2 f5 40.Nf2 g5 41.fxg5 hxg5 42.b3 Kf7 43.c6 Bb6
44.Nd3 Qe3+ 45.Kd1 Qg1+ 46.Ne1 Qd4+ 47.Nd3 Bc7 48.Qe2 Qa1+ 49.Nc1 Qd4+ 50.Nd3 g4
51.Qc2 Qg1+ 52.Ne1 Qd4+ 53.Nd3 Qg1+ 54.Ne1  1/2-1/2

[Event "2nd Halkidiki Open"]
[Site "Kalithea GRE"]
[Date "2006.04.27"]
[Round "4"]
[White "Itkis,B"]
[Black "Santrian,A"]
[Result "1/2-1/2"]
[WhiteElo "2490"]
[BlackElo "2328"]

1.e4 c5 2.Nf3 Nc6 3.Bb5 g6 4.Bxc6 dxc6 5.d3 Bg7 6.h3 Nf6 7.Nc3 O-O 8.Bf4 Ne8
9.Qd2 Nc7 10.Bh6 Ne6 11.h4 f6 12.Bxg7 Kxg7 13.Ne2 Nd4 14.h5 Nxf3+ 15.gxf3 g5
16.f4 e5 17.h6+ Kh8 18.fxg5 fxg5 19.Rh5 Rg8 20.f3 Qf6 21.Qc3 b6 22.O-O-O Bd7
23.Rg1 Rae8 24.Rg3 Rg6 25.b3 g4 26.f4 Rxh6 27.fxe5 Qg7 28.Rxh6 Qxh6+ 29.Kb1 Qe6
30.Qd2 Qxe5 31.Qh6 Qg7 32.Qh4 Rf8 33.Rg1 a5 34.Ng3 Qf6 35.Qh5 Qg7 36.Rh1 Rf7
37.Qh4 Qf6 38.Qh5  1/2-1/2

[Event "XIII TCh-RUS"]
[Site "Sochi RUS"]
[Date "2006.04.27"]
[Round "8"]
[White "Alekseev,Evgeny"]
[Black "Tiviakov,S"]
[Result "1-0"]
[WhiteElo "2640"]
[BlackElo "2669"]

1.e4 c5 2.Nf3 Nc6 3.Bb5 d6 4.O-O Bd7 5.Re1 Nf6 6.c3 a6 7.Bf1 Bg4 8.d3 e6
9.Nbd2 d5 10.exd5 Nxd5 11.Qa4 Bxf3 12.Nxf3 Be7 13.g3 O-O 14.Bd2 Bf6 15.Rad1 b5
16.Qe4 Rc8 17.a3 g6 18.Bh6 Re8 19.Rc1 Bg7 20.Bxg7 Kxg7 21.h4 Nf6 22.Qe3 Qd6
23.Rcd1 e5 24.Nd2 Ng4 25.Ne4 Nxe3 26.Nxd6 Nxd1 27.Rxd1 Red8 28.Nxc8 Rxc8
29.Bg2 Kf6 30.Kf1 Ke6 31.Ke2 Kd6 32.b4 a5 33.bxc5+ Kxc5 34.Kd2 Kd6 35.Rb1 Rb8
36.Kc2 Na7 37.f4 Re8 38.Kd2 exf4 39.gxf4 a4 40.d4 Re7 41.Kd3 h6 42.Bf3 f6
43.Be4 g5 44.fxg5 fxg5 45.hxg5 hxg5 46.Rh1 Rg7 47.Rh6+ Kc7 48.d5 Nc8 49.Rc6+ Kb8
50.Kd4 Rc7 51.Kc5 Na7 52.Rxc7 Kxc7 53.d6+ Kd8 54.Bf5 Nc8 55.Bg4 Na7 56.Be2 Kd7
57.Kd5 Kd8 58.Ke6 Ke8 59.d7+ Kd8 60.Kd6 g4 61.Bxg4 b4 62.cxb4 Nb5+ 63.Kc6 Nxa3
64.Bd1 Nc4 65.Bxa4 Ne5+ 66.Kb6 Nd3 67.Ka5 Ne5 68.Bb5 Kc7 69.Ka6 Nf7 70.Ba4 Nd8
71.Ka7 Nf7 72.b5 Kxd7 73.b6+ Ke7 74.b7  1-0

[Event "8th Dubai Open"]
[Site "Dubai UAE"]
[Date "2006.04.28"]
[Round "6"]
[White "Odeev,H"]
[Black "Sharbaf,M"]
[Result "1-0"]
[WhiteElo "2492"]
[BlackElo "2362"]

1.e4 c5 2.Nf3 Nc6 3.Bb5 e5 4.O-O d6 5.c3 a6 6.Bxc6+ bxc6 7.d4 cxd4 8.cxd4 Qc7
9.Qc2 Bg4 10.Nbd2 Ne7 11.b3 Ng6 12.h3 Bd7 13.Ba3 f6 14.Rfd1 Be7 15.dxe5 fxe5
16.Nc4 O-O 17.Bxd6 Bxd6 18.Nxd6 h6 19.Nf5 Nf4 20.Ne7+ Kh7 21.Nd5 Nxh3+ 22.gxh3 Qd8
23.Qc3 cxd5 24.Rxd5 Qe8 25.Nxe5 Be6 26.Rc5 Rc8 27.Rxc8 Bxc8 28.Qg3 Bxh3 29.Rc1 Qh5
30.Rc7 Rg8 31.f3 Be6 32.Re7 Bc8 33.b4 Bh3 34.a4 Qg5 35.Qxg5 hxg5 36.Ra7 Rb8
37.Rxa6 Rxb4 38.Nf7  1-0

[Event "8th Dubai Open"]
[Site "Dubai UAE"]
[Date "2006.04.28"]
[Round "6"]
[White "Kayumov,S"]
[Black "Nadig,K"]
[Result "1/2-1/2"]
[WhiteElo "2426"]
[BlackElo "2239"]

1.e4 c5 2.Nf3 Nc6 3.Bb5 d6 4.Bxc6+ bxc6 5.O-O Bg4 6.h3 Bh5 7.e5 dxe5 8.g4 e4
9.gxh5 exf3 10.Nc3 Nf6 11.Qxf3 Nd5 12.Re1 e6 13.d3 Be7 14.Qg2 g6 15.Ne4 Qc7
16.h6 O-O-O 17.a3 Nf4 18.Qf3 g5 19.b4 Rd5 20.Be3 Rf5 21.Bxc5 Ng6 22.Qg3 Ne5
23.Re3 g4 24.hxg4 Rg8 25.f3 Rxf3 26.Rxf3 Rxg4 27.Kh1 Rxg3 28.Rxg3 Ng6 29.Rag1 Bxc5
30.bxc5 Qe5 31.Rb1 Kc7 32.Rg5 Qf4 33.Rg2 Qh4+ 34.Rh2 Qf4 35.Nd6 Qf3+ 36.Rg2 Nh4
37.Rb7+ Kd8 38.Nxf7+ Kc8 39.Nd6+ Kd8 40.Rb8+ Kd7 41.Rb7+ Kd8 42.Nf7+ Kc8
43.Nd6+ Kd8  1/2-1/2

[Event "8th Dubai Open"]
[Site "Dubai UAE"]
[Date "2006.04.29"]
[Round "7"]
[White "Bistric,F"]
[Black "So,W"]
[Result "1/2-1/2"]
[WhiteElo "2430"]
[BlackElo "2254"]

1.e4 c5 2.Nf3 Nc6 3.Bb5 g6 4.O-O Bg7 5.Re1 Nf6 6.d3 O-O 7.Bxc6 dxc6 8.Bd2 Bg4
9.Bc3 Ne8 10.Nbd2 e5 11.h3 Bxf3 12.Qxf3 Nc7 13.Qg3 Qe7 14.a4 b5 15.b3 Qd6
16.Nf3 f6 17.h4 Ne6 18.h5 g5 19.Nh2 Nd4 20.Bxd4 cxd4 21.Ng4 h6 22.Qf3 Qe6
23.Ra2 Rf7 24.Rea1 a6 25.axb5 cxb5 26.Ra5 Rfa7 27.Kh2 Kf7 28.g3 Bf8 29.Qe2 Kg7
30.Rg1 Bd6 31.Kh1 Rc8 32.Rga1 Rca8 33.Rf1 Re8 34.Rfa1 Rea8  1/2-1/2

[Event "WSB Masters"]
[Site "Wroclaw POL"]
[Date "2006.04.29"]
[Round "5"]
[White "Dobrowolski,P"]
[Black "Kochetkov,G"]
[Result "1/2-1/2"]
[WhiteElo "2376"]
[BlackElo "2364"]

1.e4 c5 2.Nf3 Nc6 3.Bb5 g6 4.Bxc6 dxc6 5.h3 Bg7 6.d3 Nf6 7.O-O O-O 8.e5 Nd5
9.Re1 b6 10.Qe2 a5 11.Qe4 Bf5 12.Qh4 f6 13.a3 Qd7 14.Nbd2 g5 15.Qg3 h6 16.Nf1 Rae8
17.Bd2 a4 18.Rad1 Be6 19.c4 Nc7 20.h4 Bg4 21.Bc3 Bxf3 22.Qxf3 fxe5 23.Qg3 gxh4
24.Qxh4 Qf5 25.Qg3 Qf4 26.Bxe5 Qxg3 27.Nxg3 Bxe5 28.Rxe5 e6 29.Ne4 Ra8 30.Re1 Rf7
31.Re3 Rg7 32.Nf6+ Kf7 33.Rf3 Ke7 34.Ne4 Rd8 35.Rh5 Rdg8 36.Rg3 Rxg3 37.Nxg3 Rd8
38.Rh3 b5 39.cxb5 cxb5 40.Ne4 c4 41.dxc4 Rd4 42.Nc3 Rxc4 43.Rd3  1/2-1/2

[Event "8th Dubai Open"]
[Site "Dubai UAE"]
[Date "2006.04.30"]
[Round "8"]
[White "Kayumov,S"]
[Black "Sharbaf,M"]
[Result "1-0"]
[WhiteElo "2426"]
[BlackElo "2362"]

1.e4 c5 2.Nf3 Nc6 3.Bb5 e6 4.Bxc6 bxc6 5.d3 Ne7 6.Qe2 Ng6 7.h4 h5 8.e5 Be7
9.Qe4 d5 10.exd6 Qxd6 11.Bg5 Bxg5 12.hxg5 Rb8 13.Nbd2 Qd5 14.b3 Rb4 15.Nc4 Ba6
16.a3 Rb8 17.Nce5 Ne7 18.Qf4 Nf5 19.Ng6 e5 20.Qxf5 fxg6 21.Qxg6+ Kf8 22.Rxh5 Rxh5
23.Qxh5 e4 24.Qh8+ Qg8 25.Qxg8+ Kxg8 26.dxe4 c4 27.bxc4 Bxc4 28.Ne5 Ba6 29.O-O-O  1-0

[Event "8th Dubai Open"]
[Site "Dubai UAE"]
[Date "2006.04.30"]
[Round "8"]
[White "Odeev,H"]
[Black "Stellwagen,R"]
[Result "1-0"]
[WhiteElo "2492"]
[BlackElo "2232"]

1.e4 c5 2.Nf3 Nc6 3.Bb5 g6 4.Bxc6 dxc6 5.d3 Bg7 6.h3 e5 7.O-O Qe7 8.a3 Nf6
9.Nbd2 b6 10.b4 Nd7 11.bxc5 Nxc5 12.a4 Be6 13.Ba3 Rd8 14.a5 f6 15.Qe2 Qc7
16.Qe3 Nb7 17.axb6 axb6 18.d4 exd4 19.Nxd4 Rxd4 20.Qxd4 Kf7 21.Qe3  1-0

[Event "2nd Halkidiki Open"]
[Site "Kalithea GRE"]
[Date "2006.04.30"]
[Round "8"]
[White "Scurhan,G"]
[Black "Papadopoulos,I"]
[Result "1/2-1/2"]
[WhiteElo "2112"]
[BlackElo "2264"]

1.e4 c5 2.Nf3 Nc6 3.Bb5 g6 4.O-O Bg7 5.Re1 e5 6.Bxc6 dxc6 7.h3 Be6 8.d3 h6
9.Be3 b6 10.c3 Qc7 11.Qe2 Rd8 12.Na3 Ne7 13.Nc2 O-O 14.d4 cxd4 15.cxd4 exd4
16.Bxd4 c5 17.Bxg7 Kxg7 18.Ne3 Rd7 19.b3 Rfd8 20.Red1 Qb7 21.Rxd7 Rxd7 22.Ne5 Rd4
23.f3 Qc7 24.N5g4 Nc6 25.Qb2 h5 26.Nf2 Kg8 27.Rd1 a5 28.Nc2 Rxd1+ 29.Nxd1 Qd6
30.Nde3 Qd2 31.Nf1 Qd3 32.Kf2 c4 33.bxc4 Qxc4 34.a3 Qb3 35.Qxb3 Bxb3 36.Nfe3 Kf8
37.Ke2 Ke7 38.Kd3 Kd6 39.Nd4 Nxd4 40.Kxd4 b5 41.f4  1/2-1/2

[Event "XIII TCh-RUS"]
[Site "Sochi RUS"]
[Date "2006.04.30"]
[Round "11"]
[White "Nikolenko,O"]
[Black "Smirnov,P"]
[Result "1-0"]
[WhiteElo "2536"]
[BlackElo "2614"]

1.e4 c5 2.Nf3 Nc6 3.Bb5 g6 4.O-O Bg7 5.c3 Nf6 6.Re1 O-O 7.h3 e5 8.d4 cxd4
9.cxd4 Nxd4 10.Nxd4 exd4 11.Qxd4 d5 12.e5 Ne4 13.Nc3 Nxc3 14.bxc3 Qa5 15.a4 Be6
16.Rb1 Rfc8 17.Rb3 Bf8 18.Bd2 Bc5 19.Qf4 Qd8 20.Rbb1 Rc7 21.Be3 Rac8 22.Bd4 Qe7
23.h4 Bb6 24.Bxb6 axb6 25.Bf1 Rc6 26.h5 g5 27.Qd4 h6 28.Re3 Qc7 29.Rb3 Kf8
30.f4 gxf4 31.Qxf4 d4 32.cxd4 Bxb3 33.Rxb3 Qe7 34.Rg3 Qe6 35.Bb5 Rc3 36.Rg6 Rc1+
37.Kh2 R1c5  1-0

[Event "81st ch-ARG"]
[Site "San Luis ARG"]
[Date "2006.05.01"]
[Round "6"]
[White "Campora,D"]
[Black "Blit,J"]
[Result "1-0"]
[WhiteElo "2552"]
[BlackElo "2246"]

1.e4 c5 2.Nf3 Nc6 3.Bb5 Qc7 4.O-O a6 5.Bxc6 Qxc6 6.Re1 d6 7.d4 cxd4 8.Nxd4 Qc7
9.Nc3 e6 10.Bg5 Be7 11.Qd2 h6 12.Bxe7 Nxe7 13.Rad1 O-O 14.Nf3 Rd8 15.e5 d5
16.Ne2 Qb6 17.c3 a5 18.Ned4 a4 19.h4 Nc6 20.Qc1 a3 21.b3 Bd7 22.Re3 Ne7 23.h5 Rf8
24.Rde1 Qc5 25.Qd2 Rac8 26.Nh4 Nc6 27.Rg3 Kh8 28.Nhf3 Ne7 29.Nh2 Nf5 30.Nxf5 exf5
31.Rd3 Be6 32.Nf3 Rc7 33.Nd4 Qe7 34.f4 Rfc8 35.Ree3 Qc5 36.Kh2 Qe7 37.Qf2 Qc5
38.g4 fxg4 39.f5 Bd7 40.Qf4 Bb5 41.Rd2 Qb6 42.Qxg4 Bd7 43.Rg2 Rg8 44.Qf4 Bc8
45.f6  1-0

[Event "Open A"]
[Site "Djakovo CRO"]
[Date "2006.05.04"]
[Round "7"]
[White "Leventic,I"]
[Black "Kostic,Vl"]
[Result "1/2-1/2"]
[WhiteElo "2488"]
[BlackElo "2461"]

1.e4 c5 2.Nf3 Nc6 3.Bb5 e6 4.O-O Nge7 5.Re1 a6 6.Bxc6 Nxc6 7.d4 cxd4 8.Nxd4 d6
9.Nc3 Be7 10.Nxc6 bxc6 11.Qg4 g6 12.b3 e5 13.Qe2 O-O 14.Ba3 f5 15.Qc4+ Rf7
16.Rad1 Bb7  1/2-1/2

[Event "4th TCh-SCG"]
[Site "Vrnjacka Banja SCG"]
[Date "2006.05.05"]
[Round "5"]
[White "Adzic,M"]
[Black "Damjanovic,D"]
[Result "1/2-1/2"]
[WhiteElo "2218"]
[BlackElo "2294"]

1.e4 c5 2.Nf3 Nc6 3.Bb5 g6 4.O-O Bg7 5.Re1 Nf6 6.c3 O-O 7.d4 d5 8.exd5 Qxd5
9.dxc5 Qxc5 10.Qe2 Bg4 11.Nbd2 e6 12.h3 Bxf3 13.Nxf3 a6 14.Bd3 Rfd8 15.Bg5 Rd7
16.Rad1 Rad8 17.Qe3 Qa5 18.a3 Qa4 19.Rd2 Qa5 20.Red1 Rd6 21.Be2 Rxd2 22.Rxd2 Rxd2
23.Qxd2 Ne4 24.Qe3 Nxg5 25.Qxg5 Kf8 26.Qf4 e5 27.Qe4 Qd8 28.Bxa6 Qb6 29.Bc4 Qxb2
30.Qd5 Qc1+ 31.Kh2 Qf4+ 32.g3 Qf6 33.Kg2 h6 34.Nd2 Qe7 35.Ne4 Nd8 36.Nc5 Bf6
37.a4 Kg7 38.Ne4 Bg5 39.Qd1 Qc7 40.Qb3 Be7 41.Bd5 Bf8 42.Nd2 Bc5 43.Qc4 Bb6
44.Qb3 Bc5 45.Ne4 Bf8 46.c4 f5 47.Nc3 Bc5 48.Qb5 Qe7 49.a5 e4 50.Nd1 h5 51.a6 bxa6
52.Qxa6 e3 53.fxe3 Bxe3 54.Nxe3 Qxe3 55.Qa1+ Kh7 56.Qb2 f4 57.gxf4 Qxf4 58.Qe2 Kh6
59.Qb2 Kh7 60.Qc3 Qg5+ 61.Kf2 Qf5+ 62.Ke2 Ne6 63.Bxe6 Qxe6+ 64.Kd2 Qd6+ 65.Qd3 Qc5
66.Kc3 Qa3+ 67.Kd4 Qd6+ 68.Ke4 Qe6+ 69.Kf4 Qf6+ 70.Kg3 Qe5+ 71.Kf3 Qf6+ 72.Ke2 Qe5+
73.Kd2 Qb2+ 74.Kd1 Qa1+ 75.Ke2 Qe5+ 76.Kf3 Qf6+ 77.Kg3 Qe5+  1/2-1/2

[Event "4th TCh-SCG"]
[Site "Vrnjacka Banja SCG"]
[Date "2006.05.06"]
[Round "6"]
[White "Popovic,Du"]
[Black "Vuckovic,Bo"]
[Result "1/2-1/2"]
[WhiteElo "2496"]
[BlackElo "2506"]

1.e4 c5 2.Nf3 Nc6 3.Bb5 d6 4.O-O Bd7 5.Re1 Nf6 6.c3 a6 7.Ba4 c4 8.d4 cxd3
9.Bg5 e6 10.Qxd3 Be7 11.Bxf6 gxf6 12.Bxc6 Bxc6 13.c4 O-O 14.Nc3 Kh8 15.Nd4 Bd7
16.Rad1 Rg8 17.Kh1 Rc8 18.Re3 Qc7 19.b3 Qc5 20.a4 Rg6 21.Rg3  1/2-1/2

[Event "May Roses Cup"]
[Site "Bucharest ROM"]
[Date "2006.05.09"]
[Round "5"]
[White "Vajda,Al1"]
[Black "Timoshenko,G"]
[Result "1/2-1/2"]
[WhiteElo "2472"]
[BlackElo "2547"]

1.e4 c5 2.Nf3 Nc6 3.Bb5 d6 4.O-O Bd7 5.Re1 Nf6 6.h3 Ne5 7.a4 g6 8.Nxe5 dxe5
9.d3 Bg7 10.Be3 b6 11.Nc3 O-O 12.Bxd7 Nxd7 13.a5 Rc8 14.axb6 axb6 15.Ra7 Nb8
16.Nd5 Nc6 17.Rb7 e6  1/2-1/2

[Event "ch-UKR sf"]
[Site "Alushta UKR"]
[Date "2006.05.15"]
[Round "3"]
[White "Varitski,I"]
[Black "Varchenko,G"]
[Result "1/2-1/2"]
[WhiteElo "2355"]
[BlackElo "2183"]

1.e4 c5 2.Nf3 Nc6 3.Bb5 g6 4.Bxc6 dxc6 5.d3 Bg7 6.Nc3 Nf6 7.Be3 b6 8.h3 Qc7
9.Qd2 e5 10.Bh6 O-O 11.O-O-O Re8 12.Bxg7 Kxg7 13.h4 Bg4 14.Rdg1 Bxf3 15.gxf3 Nh5
16.Ne2 Kh8 17.Qh6 Qe7 18.Rg5 Nf6 19.Rg2 Qf8 20.Qe3 Nh5 21.Rg4 Qd6 22.f4 Qe6
23.f5 Qxa2 24.Nc3 Qa1+ 25.Nb1 Qa4 26.Qh6 Rg8 27.c3 Rad8 28.Rhg1 Nf4 29.Rxf4 exf4
30.h5 Rxd3 31.fxg6 fxg6 32.Qxf4 Rgd8 33.Qf6+ Kg8 34.Rxg6+  1/2-1/2

[Event "ch-UKR sf"]
[Site "Alushta UKR"]
[Date "2006.05.16"]
[Round "4"]
[White "Dobronovsky,R"]
[Black "Stets,V"]
[Result "1/2-1/2"]
[WhiteElo "2135"]
[BlackElo "2374"]

1.e4 c5 2.Nf3 Nc6 3.Bb5 g6 4.Bxc6 bxc6 5.O-O Bg7 6.Re1 Nf6 7.e5 Nd5 8.d4 cxd4
9.Qxd4 O-O 10.Qh4 f6 11.exf6 exf6 12.c4 Nb4 13.c5 Nd5 14.Nc3 d6 15.Nxd5 cxd5
16.cxd6 Qxd6 17.Bh6 Be6 18.Bxg7 Kxg7 19.Nd4 Bd7 20.Rad1 Rae8 21.a3 a5 22.Qg3 Qxg3
23.hxg3 Kf7 24.f3 Re5 25.Kf2 Ke7 26.Rc1 Kd6 27.Red1 Ree8 28.g4 Rb8 29.b3 Rbc8
30.Ke3 Rce8+ 31.Kf2 Rc8 32.Rh1 Rxc1 33.Rxc1 Rc8 34.Rxc8 Bxc8 35.Ke3 Ba6 36.Nc2 Kc5
37.Nd4 g5 38.g3 Bc8 39.Kd3 Bd7 40.Kc3 Bc8 41.Nc2 f5 42.b4+ axb4+ 43.axb4+ Kd6
44.gxf5 Bxf5 45.Ne3 Bd7 46.Kd4 h5 47.Nxd5 Bc6 48.Nf6 Bxf3 49.Ne4+ Bxe4 50.Kxe4 h4
51.gxh4 gxh4 52.Kf4  1/2-1/2

[Event "ch-UKR sf"]
[Site "Alushta UKR"]
[Date "2006.05.17"]
[Round "5"]
[White "Odnorozhenko,E"]
[Black "Kravtsiv,M"]
[Result "1/2-1/2"]
[WhiteElo "2223"]
[BlackElo "2379"]

1.e4 c5 2.Nf3 Nc6 3.Bb5 g6 4.Bxc6 dxc6 5.h3 Bg7 6.d3 Nf6 7.Nc3 O-O 8.Be3 b6
9.Qd2 e5 10.Bh6 Qd6 11.O-O Be6 12.Rad1 Rad8 13.Bxg7 Kxg7 14.Qe3 Nh5 15.b3 Rde8
16.Ne2 Qc7 17.Rde1 h6 18.Qc1 Kh7 19.Nh2 g5 20.Ng4 f6 21.Ne3 Nf4 22.Ng3 Rd8
23.Ngf5 Qf7 24.Qd1 Bc8 25.g3 Ne6 26.Qf3 h5 27.Kg2 Rg8 28.Rh1  1/2-1/2

[Event "ch-UKR sf"]
[Site "Alushta UKR"]
[Date "2006.05.18"]
[Round "6"]
[White "Yarmysty,M"]
[Black "Molchanov,A"]
[Result "1-0"]
[WhiteElo "2273"]
[BlackElo "2128"]

1.e4 c5 2.Nf3 Nc6 3.Bb5 g6 4.Bxc6 dxc6 5.d3 Bg7 6.h3 e5 7.Be3 b6 8.Nc3 Ne7
9.Qd2 h6 10.g4 Be6 11.Ne2 f5 12.gxf5 gxf5 13.Rg1 Kf8 14.Qc3 Qc7 15.Bf4 Ng6
16.Rxg6 exf4 17.e5 Re8 18.Nxf4 Bf7 19.O-O-O Rh7 20.Rgg1 Bxe5 21.Nxe5 Qxe5
22.Qxe5 Rxe5 23.Rde1 Re7 24.Kd2 Ke8 25.Re3 Rxe3 26.fxe3 Rh8 27.e4 fxe4 28.dxe4 Rg8
29.Rxg8+ Bxg8 30.a3 Ke7 31.e5 Bh7 32.c3 Bf5 33.Ke3 h5 34.h4 Bg4 35.Ke4 Kf7
36.Ng2 Ke6 37.Kf4 Bd1 38.Ne3 Be2 39.Nf5 Bg4 40.Nd6 Ke7 41.Ne4 Ke6 42.Ng5+ Ke7
43.Ke4 Bd7 44.Nh7 Bg4 45.Nf6 Be2 46.Kf5 Bd1 47.e6 Bc2+ 48.Ke5 Bg6 49.Ng8+ Kf8
50.Nh6 Bc2 51.Kd6 Bg6 52.Ke5 Bc2 53.Kf6 Bd3 54.Nf7 Ke8 55.Nd6+  1-0

[Event "ch-UKR sf"]
[Site "Alushta UKR"]
[Date "2006.05.20"]
[Round "8"]
[White "Odnorozhenko,E"]
[Black "Molchanov,N"]
[Result "1/2-1/2"]
[WhiteElo "2223"]
[BlackElo "2307"]

1.e4 c5 2.Nf3 Nc6 3.Bb5 g6 4.Bxc6 bxc6 5.O-O Bg7 6.Re1 Nf6 7.e5 Nd5 8.c4 Nc7
9.d4 cxd4 10.Qxd4 O-O 11.Qh4 d6 12.Bh6 f6 13.Bxg7 Kxg7 14.exf6+ exf6 15.Nc3 Re8
16.Rxe8 Nxe8 17.Qe4 Bd7 18.Nd4 f5 19.Qe3 Nf6 20.Ne6+ Bxe6 21.Qxe6 Qc7 22.Qe3 Re8
23.Qd3 Qe7 24.h3 Qe5 25.Rd1  1/2-1/2

[Event "Muresul Cup"]
[Site "Arad ROM"]
[Date "2006.05.26"]
[Round "9"]
[White "Ardeleanu,A"]
[Black "Shishkin,Va UKR"]
[Result "1-0"]
[WhiteElo "2424"]
[BlackElo "2541"]

1.e4 c5 2.Nf3 Nc6 3.Bb5 g6 4.O-O Bg7 5.c3 a6 6.Bxc6 dxc6 7.d3 Nf6 8.Qe2 Bg4
9.Nbd2 Nd7 10.h3 Bxf3 11.Nxf3 e5 12.Be3 Qe7 13.Nd2 O-O 14.a4 a5 15.Nc4 Rfd8
16.f4 exf4 17.Bxf4 Ne5 18.Bxe5 Bxe5 19.Rf3 b5 20.Nxe5 Qxe5 21.Raf1 Ra7 22.Qc2 Re7
23.Qf2 Rdd7 24.Rf6 Rc7 25.axb5 cxb5 26.Rb6 b4 27.Rb8+ Re8 28.Qf4 Re7 29.Rxe8+ Rxe8
30.Qxf7+ Kh8 31.Rf6 Qe7 32.Qxe7 Rxe7 33.Kf2 Rb7 34.Ke3 a4 35.Rf1 a3 36.bxa3 bxc3
37.a4 Kg7 38.a5 Rb3 39.Rc1 Ra3 40.a6 Kf6 41.a7 Rxa7 42.Rxc3 Ra5 43.h4 h5
44.Kf4 Ra2 45.Rxc5 Rxg2 46.Rc6+ Ke7 47.Ke5 g5 48.Rc7+ Kd8 49.Rh7 gxh4 50.Rxh5 Rg3
51.d4 h3 52.d5 Kd7 53.Rh7+ Kd8 54.Ke6 Rg6+ 55.Kf5 Rg3 56.e5 Ke8 57.d6  1-0

[Event "81st ch-ARG"]
[Site "San Luis ARG"]
[Date "2006.05.30"]
[Round "5"]
[White "Malbran,G"]
[Black "Felgaer,R"]
[Result "0-1"]
[WhiteElo "2308"]
[BlackElo "2580"]

1.e4 c5 2.Nf3 Nc6 3.Bb5 e6 4.O-O Nge7 5.c3 a6 6.Ba4 b5 7.Bc2 Bb7 8.Re1 Rc8
9.a4 b4 10.d4 bxc3 11.Nxc3 cxd4 12.Nxd4 Nxd4 13.Qxd4 Nc6 14.Qd1 Be7 15.Bf4 d6
16.Qd2 Ne5 17.Bxe5 dxe5 18.Qxd8+ Bxd8 19.Bd3 Ba5 20.Rec1 Ke7 21.Kf1 Rhd8
22.Ke2 Rd4 23.f3 Rcd8 24.Rd1 Rb4 25.Rab1 Rd6 26.b3 Rbd4 27.Na2 f5 28.exf5 exf5
29.b4 e4 30.bxa5 exd3+ 31.Kd2 Bc6 32.Re1+ Kf6 33.Rb4 Rxb4 34.Nxb4 Bxa4 35.Na2 Bb5
36.Nc3 Bc4 37.f4 h6 38.Rb1 g5 39.g3 gxf4 40.gxf4 Rd4 41.Rb6+ Kg7 42.Ke3 Rd7
43.Kd2 Rc7 44.Rb4 Kg6 45.Nd1 Bb5 46.Nc3 Bc4 47.Nd1 Rc5 48.Ne3 Bb5 49.Rd4 Rc6
50.Rd8 Re6 51.Rg8+ Kh7 52.Rg2 Re4 53.Nxf5 Rxf4 54.Nd6 Ra4 55.Ke3 Bc6 56.Rd2 Rxa5
57.Rxd3 Rh5 58.Rc3 Ba4 59.Rc7+ Kg6 60.Ra7 Bb5 61.Nxb5 axb5 62.Rb7 Kf6 63.Kf3 Rc5
64.Rb6+ Kg5 65.Rb8 h5 66.Rg8+ Kh4 67.Rg2 b4 68.Rb2 Rb5 69.Kf4 Kh3 70.Kf3 b3
71.Kf4 h4 72.Ke4 Kg4 73.Ke3 h3 74.Kd3 Kf3 75.Kd4 Rb8 76.Kd3 Rb7 77.Kd4 Rd7+
78.Kc4 Rc7+ 79.Kd4 Rd7+ 80.Kc4 Rf7 81.Rxb3+ Kg2 82.Rb2+ Kg1 83.Kd3 Rg7 84.Ke3 Rg2
85.Rb1+ Kxh2 86.Kf3 Rg3+ 87.Kf4 Rg8 88.Rb2+ Rg2 89.Rb8 Rf2+ 90.Ke3 Kg1 91.Rg8+ Kf1
92.Rh8 h2 93.Rh7 Kg1 94.Rg7+ Rg2  0-1